Managerial economics (Record no. 431705)

000 -LEADER
fixed length control field 00397cam a22001337a 4500
008 - FIXED-LENGTH DATA ELEMENTS--GENERAL INFORMATION
fixed length control field 180718b1983 xxu||||| |||| 00| 0 eng d
082 ## - DEWEY DECIMAL CLASSIFICATION NUMBER
Classification number T300 R252
100 ## - MAIN ENTRY--PERSONAL NAME
Personal name Reekie, W. Duncan
245 ## - TITLE STATEMENT
Title Managerial economics
Statement of responsibility, etc. by W. Duncan Reekie and Jonathan N. Crook
260 ## - PUBLICATION, DISTRIBUTION, ETC.
Place of publication, distribution, etc. Delhi
Name of publisher, distributor, etc. Heritage Publishers
Date of publication, distribution, etc. 1983
300 ## - PHYSICAL DESCRIPTION
Extent xiv, 447p.
650 ## - SUBJECT ADDED ENTRY--TOPICAL TERM
Topical term or geographic name entry element Managerial economics
700 ## - ADDED ENTRY--PERSONAL NAME
Personal name Crook, Jonathan N.
Holdings
Withdrawn status Lost status Damaged status Not for loan Permanent Location Current Location Date acquired Full call number Barcode Date last seen Price effective from Koha item type
        Indian Institute of Public Administration Indian Institute of Public Administration 2010-01-21 T300 R252 61948 2018-07-21 2018-07-21 Book
        Indian Institute of Public Administration Indian Institute of Public Administration 2010-01-21 T300 R252 61947 2018-07-21 2018-07-21 Book
        Indian Institute of Public Administration Indian Institute of Public Administration 2010-01-21 T300 R252 59184 2018-07-21 2018-07-21 Book

Powered by Koha